000 00934nac a22002897a 4500
001 BR7805942
003 BR-BrBNA
005 20240105114313.0
008 230509b bl.|||m| |||| 00| 0 por d
040 _aBR-BrBNA
_bpor
_cBiblioteca Nacional de Agricultura
072 _aE30; E15; F00
090 _aE30 BR7805942
110 1 _aSecretaria da Agricultura de Pernambuco, Recife (Brasil)
_98190
245 1 _aRelatorio 1977 [Secretaria da Agricultura de Pernambuco, Brasil]
260 3 _aRecife, PE (Brasil):
_c1978.
300 _a52 p.
490 _aRelatorio - Secretaria da Agricultura de Pernambuco (Brazil)
_v
_x
650 _aPROJETO DE DESENVOLVIMENTO
650 _aASSISTENCIA TECNICA
650 _aEXTENSAO RURAL
650 _aMECANIZACAO AGRICOLA
650 _aDEFESA VEGETAL
650 _aCREDITO RURAL
650 _aAbastecimento
909 _a202312
_bLúcia Elande
_c55
_dLúcia Elande
942 _2AGRIS
_n0
_cMS
999 _c268574
_d268574